Państwa według podpowiedzi - litera B - Statystyki

Ogólne statystyki
  • Ten quiz został rozwiązany 50 razy
  • Średni wynik to 12 z 17
Statystyki odpowiedzi
Podpowiedź Państwo % Poprawnych
Leży na południe od Holandii Belgia
100%
najwyższy szczyt tego państwa, Gangkhar Puensum, jest jednocześnie najwyższą niezdobytą dotychczas górą na świecie Bhutan
91%
W przeciwieństwie do innych europejskich państw, to państwo nie wprowadziło zmiany na czas zimowy i letni Białoruś
89%
Kiedyś nazywało się Pakistan Wschodni Bangladesz
83%
Droga Śmierci - najniebezpieczniejsza droga na świecie znajduje się w tym państwie Boliwia
77%
Oblężenie Sarajewa - stolicy tego państwa uznaje się je za najbardziej krwawe oblężenie po drugiej wojnie światowej Bośnia i Hercegowina
77%
Językiem urzędowym tego państwa jest język malajski Brunei
77%
To pierwsze arabskie państwo, w którym została odkryta ropa Bahrajn
74%
Do 1975 r. państwo to funkcjonowało pod nazwą Dahomej Benin
74%
To państwo słynie z kopalni diamentów. Jedną z najbogatszych w te kamienie kopalni na świecie jest znajdująca się na południu kraju Jwaneng Diamond Mine Botswana
71%
Tereny tego państwa były zamieszkane przez ludy Twa, Tutsi i Hutu Burundi
71%
Odzyskało niepodległość od Portugalii w 1822 roku Brazylia
69%
Najmniejszym miastem w tym państwie jest Melnik Bułgaria
63%
Ma trzeci najstarszy parlament na świecie trwający nieprzerwanie ponad 350 lat Barbados
60%
ONZ zalicza to państwo do najsłabiej rozwiniętych państw świata Burkina Faso
54%
To państwo zamieszkuje około 50 Polaków Bahamy
51%
Część państwa znajduje się w promieniu tzw. Pacyficznego Pierścienia Ognia czyli najaktywniejszego sejsmicznie obszaru na Ziemi Belize
51%
Nie znaleziono quizów pasujących do podanych kryteriów
Rozkład punktacji
Procent ludzi z każdym wynikiem
Percentyl według liczby udzielonych odpowiedzi
Twoja historia wyników
Nie rozwiązałeś tego quizu